| 000 | 00692nam a2200205 a 4500 | ||
|---|---|---|---|
| 001 | 000044104 | ||
| 005 | 20201002045141.0 | ||
| 008 | 140516s2007 sp 000 0 spa d | ||
| 020 | _a9788433971531 | ||
| 040 |
_aDO-SdBNP _bspa _cBNPHU |
||
| 082 |
_axxxx _bxxxx |
||
| 100 | 1 |
_aVillalonga, Llorenç, _d1897-1980. _972096 |
|
| 245 | 1 | 0 |
_aDos pastiches proustianos / _cLlorenç Villalonga ; traducción de José Batlló. |
| 260 |
_aBarcelona : _bAnagrama, _c2007. |
||
| 300 |
_a98 p. ; _c20 cm. |
||
| 490 | 1 |
_aNarrativas hispánicas _v415 |
|
| 500 | _aIncluye datos biográficos del autor en las solapas | ||
| 700 | 1 | 2 |
_aBatlló, José _etr _930978 |
| 830 | 0 |
_aNarrativas hispánicas ; _n415 _972097 |
|
| 999 |
_c43593 _d43593 |
||